Psychiatrie pro speciální pedagogy /

Hlavní autor: Kubínek, Radim
Korporativní autor: Univerzita Palackého. Pedagogická fakulta
Jazyk: Čeština
Vydáno: Olomouc : Univerzita Palackého v Olomouci, 2012
Vydání: 1. vyd.
Témata:
Fyzický popis: 145 s. ; 25 cm
Knihy
Uloženo v:
LEADER 01359nam a2200385 a 4500
001 nkc20122409960
003 CZ PrNK
005 20121119100420.0
007 ta
008 121008s2012 xr e p 000 0 cze
015 |a cnb002409960 
020 |a 978-80-244-3057-7  |q (brož.) :  |c neprodejné 
035 |a (OCoLC)817050787 
040 |a BOA001  |b cze 
072 7 |a 616.89  |x Psychiatrie  |2 Konspekt  |9 14 
072 7 |a 37.016  |x Učební osnovy. Vyučovací předměty. Učebnice  |2 Konspekt  |9 22 
080 |a 616.89  |2 MRF 
080 |a (075.8)  |2 MRF 
100 1 |a Kubínek, Radim  |7 xx0106258  |4 aut 
245 1 0 |a Psychiatrie pro speciální pedagogy /  |c Radim Kubínek 
250 |a 1. vyd. 
260 |a Olomouc :  |b Univerzita Palackého v Olomouci,  |c 2012 
300 |a 145 s. ;  |c 25 cm 
500 |a Nad názvem: Univerzita Palackého v Olomouci, Pedagogická fakulta 
504 |a Obsahuje bibliografie 
650 0 7 |a psychiatrie  |7 ph115943  |2 czenas 
650 0 9 |a psychiatry  |2 eczenas 
655 7 |a učebnice vysokých škol  |7 fd133772  |2 czenas 
655 9 |a textbooks (higher)  |2 eczenas 
710 2 |a Univerzita Palackého.  |b Pedagogická fakulta  |7 kn20010709375 
910 2 |a BOA001  |b 2-1291.292 
990 |a BK 
995 |a 01 
991 |b 201210  |c NOV  |e n 
996 6 |b 2610525089  |c 2-1291.292  |l MZK  |r Sklad / do 1 hodiny  |n 0  |p p.v.  |w 001289503  |u 000010  |a 1  |e BOA001  |j MZK50  |s P